00510nam a2200193 a 4500001001300000003000900013005001700022008004100039020001000080082001800090100002900108245004600137260003300183300000900216500003500225505001000260650001700270700002900287nice12345678IN_TiNIC20260116012538.0050524s1987 cala grp 000 0 eng  ac20000a954.025bSAR1 aSarkar, Jagadish Narayan aMughal Economyb Organization and Working aCalcuttabNaya Prokashc1987 a373p aincludes index and biblioraphy2 aIndex aMughal India1 aSarkar, Jagadish Narayan